The junior high school; (Record no. 34430)
[ view plain ]
| 000 -LEADER | |
|---|---|
| fixed length control field | 01344cam a22002891 4500 |
| 001 - CONTROL NUMBER | |
| control field | hew63000091 |
| 003 - CONTROL NUMBER IDENTIFIER | |
| control field | DLC |
| 005 - DATE AND TIME OF LATEST TRANSACTION | |
| control field | 20260227111512.0 |
| 008 - FIXED-LENGTH DATA ELEMENTS--GENERAL INFORMATION | |
| fixed length control field | 720628s1963 dcuak f000 0 eng c |
| 010 ## - LIBRARY OF CONGRESS CONTROL NUMBER | |
| LC control number | hew63000091 |
| 035 ## - SYSTEM CONTROL NUMBER | |
| System control number | (OCoLC)343749 |
| 040 ## - CATALOGING SOURCE | |
| Original cataloging agency | U.S. Dept. of Health, Education, and Welfare. Library |
| Transcribing agency | ODaU |
| Modifying agency | OCoLC |
| -- | DLC |
| 042 ## - AUTHENTICATION CODE | |
| Authentication code | premarc |
| 050 00 - LIBRARY OF CONGRESS CALL NUMBER | |
| Classification number | L111 |
| Item number | .A6 1963, no. 32 |
| 051 ## - LIBRARY OF CONGRESS COPY, ISSUE, OFFPRINT STATEMENT | |
| Classification number | LB1623 |
| Item number | .W693 |
| 086 0# - GOVERNMENT DOCUMENT CLASSIFICATION NUMBER | |
| Classification number | OE-20046 |
| 100 1# - MAIN ENTRY--PERSONAL NAME | |
| Personal name | Wright, Grace S. |
| Fuller form of name | (Grace Stevens) |
| 245 14 - TITLE STATEMENT | |
| Title | The junior high school; |
| Remainder of title | a survey of grades 7-8-9 in junior and junior-senior high schools, 1959-60, |
| Statement of responsibility, etc. | by Grace S. Wright and Edith S. Greer. |
| 260 ## - PUBLICATION, DISTRIBUTION, ETC. | |
| Place of publication, distribution, etc. | [Washington] |
| Name of publisher, distributor, etc. | U.S. Dept. of Health, Education, and Welfare, Office of Education |
| Date of publication, distribution, etc. | [1963] |
| 300 ## - PHYSICAL DESCRIPTION | |
| Extent | vi, 96 p. |
| Other physical details | forms, tables. |
| Dimensions | 24 cm. |
| 410 10 - SERIES STATEMENT/ADDED ENTRY--CORPORATE NAME [OBSOLETE, CAN/MARC], [LOCAL, USA] | |
| Corporate name or jurisdiction name as entry element | United States. |
| Subordinate unit | Office of Education. |
| Title of a work | Bulletin 1963, |
| Volume number/sequential designation | no. 32 |
| 500 ## - GENERAL NOTE | |
| General note | "OE-20046." |
| 501 ## - WITH NOTE | |
| With note | Copies 1 and 3 of L111.A6 with: Education in Czechoslovakia / Nellie Apanasewicz. Washington : U.S.Dept. of Health, Education, and Welfare, Office of Education, 1963. Bound together subsequent to publication. |
| Institution to which field applies | DLC |
| 650 #0 - SUBJECT ADDED ENTRY--TOPICAL TERM | |
| Topical term or geographic name entry element | Junior high schools |
| Geographic subdivision | United States. |
| 700 1# - ADDED ENTRY--PERSONAL NAME | |
| Personal name | Greer, Edith Christine Simanek, |
| Dates associated with a name | 1904- |
| Relator term | joint author. |
| 740 0# - ADDED ENTRY--UNCONTROLLED RELATED/ANALYTICAL TITLE | |
| Uncontrolled related/analytical title | A survey of grades 7-8-9 in junior and junior-senior high schools. |
No items available.